Recopilación de las circulares, reglamentos y acuerdos expedidos por las secretarías de estado adscritas a la primera jefatura del ejército constitucionalista. (Record no. 126370)
[ view plain ]
| 000 -LEADER | |
|---|---|
| campo de control de longitud fija | 00497nam a2200133 4500 |
| 001 - NÚMERO DE CONTROL | |
| campo de control | 126370 |
| 003 - IDENTIFICADOR DE NÚMERO DE CONTROL | |
| campo de control | ES-MaACL |
| 007 - CAMPO FIJO DE DESCRIPCIÓN FÍSICA--INFORMACIÓN GENERAL | |
| campo de control de longitud fija | t| |
| 008 - DATOS DE LONGITUD FIJA--INFORMACIÓN GENERAL | |
| campo de control de longitud fija | 070214s1915 mx r ||||1| spa d |
| 245 00 - MENCIÓN DEL TÍTULO | |
| Título | Recopilación de las circulares, reglamentos y acuerdos expedidos por las secretarías de estado adscritas a la primera jefatura del ejército constitucionalista. |
| 260 ## - PUBLICACIÓN, DISTRIBUCIÓN, ETC. | |
| Lugar de publicación, distribución, etc. | México : |
| Nombre del editor, distribuidor, etc. | [s.n.], |
| Fecha de publicación, distribución, etc. | 1915 ( |
| Fabricante | Imp. de la Secretaría de Gobernación) |
| 300 ## - DESCRIPCIÓN FÍSICA | |
| Extensión | 491 p. ; |
| Dimensiones | 22 cm. |
| 852 ## - LOCALIZACIÓN | |
| Ubicación | ES-MaACL |
| Número de control de estantería | G-5909 |
| Estatus retirado | Estado de pérdida | Estado de daño | No para préstamo | Biblioteca de origen | Biblioteca actual | Ubicación en estantería | Fecha de adquisición | Fuente de adquisición | Total de préstamos | Signatura topográfica completa | Código de barras | Visto por última vez | Precio de reemplazo | Tipo de ítem Koha |
|---|---|---|---|---|---|---|---|---|---|---|---|---|---|---|
| Biblioteca del Ateneo de Madrid | Biblioteca del Ateneo de Madrid | Depósito 2 | 17/01/2008 | G-5909 | 1131620 | 23/02/2023 | 23/02/2023 | Libro impreso |
